000 00669nab a2200205 a 4500
005 20210219162103.0
008 991125s1985 mx 000 0 spa u
035 _aUPN01000197641
049 _aART
100 1 _aDe la Rosa Mendoza, Juan Ramiro
222 _aEL COTIDIANO :
_bREVISTA DE LA REALIDAD MEXICANA ACTUAL
245 _aEl alcance económico de las remesas en México : consumo de las familias receptoras
300 _a76-88
362 0 _a2006 Año 21, no. 140, nov.-dic.
653 0 _aREMESAS
653 0 _aMIGRANTES MEXICANOS
653 0 _aFAMILIAS RECEPTORAS
856 1 _uhttp://www.elcotidianoenlinea.com.mx/pdf/14009.pdf
905 _aArticulo
999 _c169742
_d169742